Normal view
MARC view
- Learning , Graphic
Entry Personal Name
001 - CONTROL NUMBER
- control field: 133855
003 - CONTROL NUMBER IDENTIFIER
- control field: NUST
005 - DATE AND TIME OF LATEST TRANSACTION
- control field: 20260403150904.0
008 - FIXED-LENGTH DATA ELEMENTS
- fixed length control field: 260403|| aca||aabn | a|a d
040 ## - CATALOGING SOURCE
- Original cataloging agency: NUST
- Transcribing agency: NUST
100 ## - HEADING--PERSONAL NAME
- Personal name: Learning , Graphic
670 ## - SOURCE DATA FOUND
- Source citation: Work cat.: (NUST): Learning , Graphic., Concise Earth Book World Atlas /, 1990.
